Els Prats : (Història d'una sang) / Jaume Codina (Història d'una sang) / Jaume Codina
Descripción Física:
272 p. ; 21 cm
MARC
| LEADER | 00000nam a2200000Ia 4500 | ||
|---|---|---|---|
| 001 | 11490 | ||
| 003 | BGR | ||
| 005 | 20260324175616.0 | ||
| 008 | 160829s1996 xx 000 0 cat d | ||
| 080 | |a L-1-103 | ||
| 100 | |a Codina, Jaume |9 24343 | ||
| 245 | |a Els Prats : |b (Història d'una sang) / Jaume Codina | ||
| 260 | |a Prat de Llobregat : |b El Periòdic d'El Prat, |c 1996 | ||
| 300 | |a 272 p. ; |c 21 cm | ||
| 590 | |a Col·labora en l'edició: Diputació de Barcelona, Ajuntament del Prat de Llobregat, La Caixa, Amics d'El Prat | ||
| 710 | |a Prat de Llobregat (Catalunya). |b Ajuntament |9 53104 | ||
| 710 | 1 | |a Amics d'El Prat |9 70296 | |
| 710 | 1 | |a Barcelona (Catalunya : Província). |b Diputació |9 52408 | |
| 901 | |a Arxiu | ||
| 942 | |n 1 |2 udc |c MON | ||
| 952 | |0 0 |1 0 |4 0 |6 L1103 |7 1 |9 46744 |a Arxiu |b Arxiu |d 2016-12-01 |l 0 |o L-1-103 |p 11490 |r 2016-12-01 00:00:00 |w 2016-12-01 |y ARXIU | ||
| 999 | |c 50537 |d 50537 | ||